Microbiology for water/wastewater operators / (Record no. 70284)

000 -LEADER
fixed length control field 00902cam a2200253 a 4500
001 - CONTROL NUMBER
control field 1165490
003 - CONTROL NUMBER IDENTIFIER
control field NUST - PNEC
005 - DATE AND TIME OF LATEST TRANSACTION
control field 20170116181137.0
008 - FIXED-LENGTH DATA ELEMENTS--GENERAL INFORMATION
fixed length control field 960604s1997 paua b 001 0 eng
010 ## - LIBRARY OF CONGRESS CONTROL NUMBER
LC control number 96060785
020 ## - INTERNATIONAL STANDARD BOOK NUMBER
International Standard Book Number 1566764394
040 ## - CATALOGING SOURCE
Original cataloging agency DLC
Transcribing agency LIBRARY
Modifying agency DLC
050 00 - LIBRARY OF CONGRESS CALL NUMBER
Classification number TD475
Item number .S66 1997
082 00 - DEWEY DECIMAL CLASSIFICATION NUMBER
Classification number 628.101579 SPE
100 1# - MAIN ENTRY--PERSONAL NAME
Personal name Spellman, Frank R.
245 10 - TITLE STATEMENT
Title Microbiology for water/wastewater operators /
Statement of responsibility, etc. Frank R. Spellman.
260 ## - PUBLICATION, DISTRIBUTION, ETC.
Place of publication, distribution, etc. Lancaster, Pa. :
Name of publisher, distributor, etc. Technomic Pub.,
Date of publication, distribution, etc. c1997.
300 ## - PHYSICAL DESCRIPTION
Extent xiii, 193 p. :
Other physical details ill. ;
Dimensions 23 cm.
504 ## - BIBLIOGRAPHY, ETC. NOTE
Bibliography, etc. note Includes bibliographical references (p. 185-188) and index.
650 #0 - SUBJECT ADDED ENTRY--TOPICAL TERM
Topical term or geographic name entry element Water
General subdivision Microbiology.
906 ## - LOCAL DATA ELEMENT F, LDF (RLIN)
a 7
b cbc
c orignew
d 2
e opcn
f 19
g y-gencatlg
942 ## - ADDED ENTRY ELEMENTS (KOHA)
Source of classification or shelving scheme
Koha item type Book
Holdings
Withdrawn status Lost status Source of classification or shelving scheme Damaged status Not for loan Permanent Location Current Location Shelving location Date acquired Total Checkouts Full call number Barcode Date last seen Price effective from Koha item type
          Pakistan Navy Engineering College (PNEC) Pakistan Navy Engineering College (PNEC)       628.101579 SPE PNECLIB-026441 10/07/2015   Book
© 2023 Central Library, National University of Sciences and Technology. All Rights Reserved.